Revista Finanzas y Polt̕ica Econm̤ica

Bibliographic Details
Format: eBook
Language:Spanish
Published: Bogot ̀: Universidad Catl̤ica de Colombia , 2007-
Subjects:
Online Access:Acceso restringido

MARC

LEADER 00000nam a22000007a 4500
005 20140430171145.0
007 cr|||| ||||
008 140430c20079999co |||| s|||| 0|||a1spa d
035 |a 11908 
040 |a vLex 
090 |c 4862  |d 4862 
245 0 0 |a Revista Finanzas y Polt̕ica Econm̤ica  |h [Recurso electrn̤ico] 
256 |a Servicio en ln̕ea 
260 |a Bogot ̀:  |b Universidad Catl̤ica de Colombia ,  |c 2007-  
300 |a 1 recurso electrn̤ico 
310 |a Semestral 
362 |a Nm︢.1 (2007) -  
506 1 |a Contenido solo disponible en los productos indicados  |d vLex Global  |d vLex Global (Academic Edition, excluding Law Schools)  |d vLex Global (U.S. Academic Edition, Law Schools)  |d vLex Global (U.S. Academic Edition, excluding Law Schools)  |d vLex Global (Academic Edition, Law Schools) 
650 0 4 |a Finanzas  |z Colombia 
650 0 4 |a Polt̕ica econm̤ica  |z Colombia 
740 0 |a vLex Revistas (Servicio en ln̕ea) 
856 4 0 |u http://vlex.com/source/revista-finanzas-politica-economica-11908  |z Acceso restringido 
942 |c REV 
999 0 |a Finance 
999 0 |a Economic policy